Casos de Santa Isabel / (Record no. 59388)

MARC details
000 -LEADER
campo de control de longitud fija 00579nam a2200157 i 4500
001 - NÚMERO DE CONTROL
campo de control 59388
003 - IDENTIFICADOR DE NÚMERO DE CONTROL
campo de control ES-MaACL
005 - FECHA Y HORA DE LA ÚLTIMA TRANSACCIÓN
campo de control 20230906164025.0
007 - CAMPO FIJO DE DESCRIPCIÓN FÍSICA--INFORMACIÓN GENERAL
campo de control de longitud fija t|
008 - DATOS DE LONGITUD FIJA--INFORMACIÓN GENERAL
campo de control de longitud fija 031028s1927 mx ||||1| spa d
100 1# - ENTRADA PRINCIPAL--NOMBRE DE PERSONA
Nombre de persona Elorduy, Aquiles.
9 (RLIN) 47074
245 10 - MENCIÓN DEL TÍTULO
Título Casos de Santa Isabel /
Mención de responsabilidad, etc. alegato verbal de Aquiles Elorduy agente mexicano ante la Comisión especial de reclamaciones entre México y Estados Unidos de America.
260 ## - PUBLICACIÓN, DISTRIBUCIÓN, ETC.
Lugar de publicación, distribución, etc. México :
Nombre del editor, distribuidor, etc. [s.n.,
Fecha de publicación, distribución, etc. 1927] (
Fabricante Imprenta de la Secretaría de Relaciones Exteriores)
300 ## - DESCRIPCIÓN FÍSICA
Extensión 80 p. ;
Dimensiones 24 cm.
852 ## - LOCALIZACIÓN
Ubicación ES-MaACL
Número de control de estantería 1734-F-26
Holdings
Estatus retirado Estado de pérdida Estado de daño No para préstamo Colección Biblioteca de origen Biblioteca actual Ubicación en estantería Fecha de adquisición Fuente de adquisición Total de préstamos Signatura topográfica completa Código de barras Visto por última vez Precio de reemplazo Tipo de ítem Koha
        Colección de folletos Biblioteca del Ateneo de Madrid Biblioteca del Ateneo de Madrid Depósito folletos 17/01/2008     1734-F-26 1062292 23/02/2023 23/02/2023 Folleto